|
|
|
|
| LEADER |
02014nam a2200553 i 4500 |
| 001 |
nkc20193155546 |
| 003 |
CZ PrNK |
| 005 |
20191218152217.0 |
| 007 |
ta |
| 008 |
191023s2019 xr a a 000 1 cze |
| 015 |
|
|
|a cnb003155546
|
| 020 |
|
|
|a 978-80-7642-504-0
|q (vázáno)
|
| 035 |
|
|
|a (OCoLC)1130275328
|
| 040 |
|
|
|a ABG001
|b cze
|e rda
|
| 041 |
1 |
|
|a cze
|h ita
|
| 072 |
|
7 |
|a 821-93-053.4
|x Literatura pro nejmenší děti
|2 Konspekt
|9 26
|
| 080 |
|
|
|a 821-93-053.4
|2 MRF
|
| 080 |
|
|
|a 633/635.047
|2 MRF
|
| 080 |
|
|
|a (0.025.2)
|2 MRF
|
| 100 |
1 |
|
|a Baruzzi, Agnese,
|d 1980-
|7 pna2014835911
|4 ill
|
| 245 |
1 |
0 |
|a Zahrada /
|c ilustrace Agnese Baruzzi ; texty [na zadní obálce] Chiara Piroddi
|
| 264 |
|
1 |
|a Praha :
|b Dobrovský s.r.o.,
|c 2019
|
| 300 |
|
|
|a 22 nečíslovaných stran :
|b barevné ilustrace ;
|c 16 cm
|
| 336 |
|
|
|a text
|b txt
|2 rdacontent
|
| 336 |
|
|
|a statický obraz
|b sti
|2 rdacontent
|
| 337 |
|
|
|a bez média
|b n
|2 rdamedia
|
| 338 |
|
|
|a svazek
|b nc
|2 rdacarrier
|
| 490 |
1 |
|
|a Montessori pro miminka
|
| 490 |
1 |
|
|a Drobek
|
| 500 |
|
|
|a Podle italského vydání
|
| 500 |
|
|
|a Bez textu
|
| 500 |
|
|
|a Kartonové listy
|
| 520 |
2 |
|
|a Knížka inspirovaná metodou Marie Montessori díky kontrastním obrázkům stimuluje zrak a zároveň pomáhá při prvním seznamování se s přírodou rozšiřovat slovní zásobu.
|
| 521 |
8 |
|
|a 0-12 měsíců
|
| 650 |
0 |
7 |
|a zahrady
|7 ph116727
|2 czenas
|
| 650 |
0 |
9 |
|a gardens
|2 eczenas
|
| 655 |
|
7 |
|a leporela
|7 fd132727
|2 czenas
|
| 655 |
|
7 |
|a publikace pro nejmenší děti
|7 fd1060157
|2 czenas
|
| 655 |
|
9 |
|a folding picture-books
|2 eczenas
|
| 655 |
|
9 |
|a publications for small children
|2 eczenas
|
| 700 |
1 |
|
|a Piroddi, Chiara,
|d 1982-
|7 osa2017965599
|4 waw
|
| 830 |
|
0 |
|a Montessori pro miminka
|0 s
|
| 830 |
|
0 |
|a Drobek
|0 s
|
| 910 |
2 |
|
|a BOA001
|b 1-1436.427
|
| 920 |
|
|
|a 4503951
|z ABG001
|
| 990 |
|
|
|a BK
|
| 995 |
|
|
|a 01
|
| 991 |
|
|
|b 201911
|c NOV
|
| 996 |
6 |
|
|b 2610803346
|c 1-1436.427
|l MZK
|r Sklad / do 1 hodiny
|n 0
|p p.v.
|w 001765340
|u 000010
|a 1
|e BOA001
|j MZK50
|s P
|